Texas Quiz by Letter - E - Statistics

General Stats
  • This quiz has been taken 16 times
  • The average score is 7 of 10
Answer Stats
Question Answer % Correct
Westernmost city El Paso
94%
Multinational oil and gas corporation headquartered outside of Houston ExxonMobil
94%
34th President of the U.S. and first President born in Texas Dwight D. Eisenhower
88%
A popular Tex-Mex dish consisting of a corn tortilla rolled around a fillings and covered with a chili pepper sauce Enchilada
88%
What’s bigger in Texas? Everything
81%
City in South Texas names after a city in Scotland Edinburgh
75%
Energy company in Houston that had a fraud scandal in 2001 Enron
69%
City on the Mexican border known as a major gateway to Mexico and a hub for international trade Eagle Pass
25%
The largest pink granite dome in the U.S. that is located in Fredericksburg Enchanted Rock
19%
Minor League Baseball team in Round Rock Express
19%
No matching quizzes found
Score Distribution
Percent of People with Each Score
Percentile by Number Answered
Your Score History
You have not taken this quiz